| 000 | 00591nam a22001937a 4500 | ||
|---|---|---|---|
| 999 |
_c18339 _d18339 |
||
| 008 | 170825b xxu||||| |||| 00| 0 eng d | ||
| 020 | _a1337919333 | ||
| 040 |
_aKABU _cKABU |
||
| 050 |
_aQP141 _b.B76 2020 |
||
| 100 | _aBrown, Judith E. | ||
| 245 |
_aNutrition _bthrough the life cycle _cby Judith E. Brown |
||
| 250 | _a7th ed. | ||
| 260 |
_aAustralia _bCengage learning _c2020 |
||
| 300 | _axxi, 586 p. | ||
| 650 | _aNutrition | ||
| 650 |
_aChildren _xNutrition |
||
| 650 |
_aOlder people _xNutrition |
||
| 942 |
_2lcc _cBK _e7th ed. _hQP141 |
||